MARC details
| 000 -CABECERA |
| campo de control de longitud fija |
00970cam a2200241 a 4500 |
| 001 - NÚMERO DE CONTROL |
| campo de control |
000007305 |
| 005 - FECHA Y HORA DE LA ÚLTIMA TRANSACCIÓN |
| campo de control |
20200929154128.0 |
| 008 - DATOS DE LONGITUD FIJA--INFORMACIÓN GENERAL |
| campo de control de longitud fija |
751223s1968 ve ach 000 0 spa |
| 040 ## - FUENTE DE LA CATALOGACIÓN |
| Centro catalogador/agencia de origen |
DO-SdBNP |
| Lengua de catalogación |
spa |
| Centro/agencia transcriptor |
FMU |
| Centro/agencia modificador |
DLC |
| -- |
BNPHU |
| 082 ## - NÚMERO DE LA CLASIFICACIÓN DECIMAL DEWEY |
| Número de clasificación |
920 |
| Número de documento/Ítem |
C975P |
| 049 ## - FONDOS LOCALES (OCLC) |
| Fondos de biblioteca |
BNGR |
| 100 1# - ENTRADA PRINCIPAL--NOMBRE DE PERSONA |
| Nombre de persona |
Pawlowski, Cezary-Anatol |
| 9 (RLIN) |
20289 |
| 245 10 - MENCIÓN DE TÍTULO |
| Título |
María Curie, 1867-1934 / |
| Mención de responsabilidad, etc. |
Cezary-Anatol Pawlowski, irene Joliot-Curie. |
| 260 ## - PUBLICACIÓN, DISTRIBUCIÓN, ETC. |
| Lugar de publicación, distribución, etc. |
Caracas, (Venezuela) : |
| Nombre del editor, distribuidor, etc. |
Dirección de Cultura ; |
| -- |
Universidad Central de Venezuela, |
| Fecha de publicación, distribución, etc. |
1968. |
| 300 ## - DESCRIPCIÓN FÍSICA |
| Extensión |
147 p. : |
| Otras características físicas |
il., retrs., facsims. ; |
| Dimensiones |
22 cm. |
| 490 1# - MENCIÓN DE SERIE |
| Mención de serie |
"Aniversarios culturales" |
| Designación de volumen o secuencia |
4 |
| 600 14 - PUNTO DE ACCESO ADICIONAL DE MATERIA--NOMBRE DE PERSONA |
| Nombre de persona |
CURIE, MARIE, |
| Fechas asociadas al nombre |
1867-1934. |
| Subdivisión general |
BIOGRAFÍA |
| 9 (RLIN) |
20290 |
| 700 1# - PUNTO DE ACCESO ADICIONAL--NOMBRE DE PERSONA |
| Nombre de persona |
Pawlowski, Cezary Anatol, |
| Fechas asociadas al nombre |
1895- |
| 9 (RLIN) |
20291 |
| 700 1# - PUNTO DE ACCESO ADICIONAL--NOMBRE DE PERSONA |
| Nombre de persona |
Joliot-Curie, Irene, |
| Fechas asociadas al nombre |
1897-1956. |
| 9 (RLIN) |
20292 |
| 810 2# - PUNTO DE ACCESO ADICIONAL DE SERIE--NOMBRE DE ENTIDAD CORPORATIVA |
| Nombre de entidad corporativa o nombre de jurisdicción como elemento de entrada |
Universidad Central de Venezuela. |
| Título de la obra |
Coleccion "Aniversarios culturales," ; |
| Designación de volumen o secuencia |
4. |
| 9 (RLIN) |
20293 |
| 830 #0 - PUNTO DE ACCESO ADICIONAL DE SERIE-TÍTULO UNIFORME |
| Título uniforme |
"Aniversarios culturales" ; |
| Designación de volumen o secuencia |
4 |
| 9 (RLIN) |
20294 |
| 910 ## - DATOS DE OPCIÓN DEL USUARIO (OCLC) |
| Datos de opción del usuario |
Catalogación por copia / LC |